Estadísticas para Equipos Reales de España

Haz click aquí para intentar la prueba.

Estadísticas generales

  • Esta prueba ha sido intentada 97 veces
  • La puntuación promedio es 13 de 24

Estadísticas de respuestas

ComunidadEquipo% Correcto
MadridReal Madrid
100%
AndalucíaReal Betis
91%
AsturiasReal Oviedo
85%
EuskadiReal Sociedad
80%
AragónReal Zaragoza
80%
BalearesReal Mallorca
79%
Castilla Y LeónReal Valladolid
77%
MurciaReal Murcia
76%
CantabriaReal Racing Club de Santander
76%
AsturiasReal Sporting de Gijón
76%
GaliciaReal Club Celta de Vigo
67%
GaliciaReal Club Deprtivo de La Coruña
66%
CataluñaReal Club Deprtivo Espanyol
66%
Castilla Y LeónReal Burgos
48%
AndalucíaReal Club Reacreativo de Huelva
47%
AndalucíaReal Jaén
45%
EuskadiReal Unión
38%
AsturiasReal Avilés
31%
Castilla Y LeónReal Ávila
26%
CantabriaReal Sociedad Gimnástica de Torrelavega
24%
CanariasReal Unión de Tenerife
21%
MadridReal Sociedad Deportiva Alcalá
15%
AndalucíaReal Balompédica Linense
11%
MadridReal Club Deportivo Carabanchel
9%

Distribución de puntuación

Porcentaje por número respondido

Porcentaje de gente con cada puntuación

Historial de tus puntuaciones

No has intentado esta prueba.